• 首页
  • 本馆介绍
  • 公告通知
  • 最新文献
  • 馆藏检索
  • 电子资源
  • 读者导购
  • 参考咨询
  • 我的图书馆
  • 登录
  • 详细信息显示
  • 放入我的书架
  • 预约/预借图书
  • 作者相关作品
  • 分类相关作品
  • 丛书相关作品
  • 出版社相关作品

书目信息

  • 表格格式
  • 工作单格式
  • 卡片格式
题名:
尼加拉瓜史
    
 
作者: ;南开大学历史系辑 译
分册:  
出版信息: 天津   天津人民出版社  1976.09
页数: 418页
开本: 32开
丛书名:
单 册:
中图分类: K745
科图分类:
主题词: 美洲--历史
电子资源:
ISBN:
000 00621nam0 2200229 45
001 0211220990
005 20040510163551.8
010    @dCNY1.14
091    @a11072.19
100    @a20021122d1976 km y0chiy0120 ea
101 0  @achi
105    @a z 000yy
200 1  @a尼加拉瓜史@ANi Jia La Gua Shi@f南开大学历史系辑译@FNan Kai Da Xue Li Shi Xi Ji Yi
210    @a天津@c天津人民出版社@d1976.09
215    @a418页@d32开
300    @a人名译名对照表
300    @a地名译名对照表
606 0  @a美洲@x历史
690    @aK745@v3
711 02 @a南开大学历史系辑@4译
801    @aCN@bTSTC@c20021216
905    @dK745@e3@f1@b22570
    
    尼加拉瓜史/南开大学历史系辑译.-天津:天津人民出版社,1976.09
    418页;32开
    人名译名对照表.-地名译名对照表
    
    ISBN :CNY1.14
    
●
相关链接 在E读中查询图书 在五车中查询图书 在当当中查询图书 在豆瓣中查询图书


正题名:尼加拉瓜史     索取号:K745/3         预约/预借

序号 登录号 条形码 馆藏地/架位号 状态 备注
1 0022570   001413447   密集书库/ [索取号:K745/3] 在馆    
2 0219218   001737115   密集书库/ [索取号:K745/3] 在馆    
3 0228471   001628260   密集书库/ [索取号:K745/3] 在馆    
唐山师范学院图书馆 欢迎您!
大连网信软件有限公司© 版权所有